Southville International School and Colleges
Your cart is empty.
  • Cart
  • Lists
    Public lists Eva Luna New books Lux_list list_1
    Your lists Log in to create your own lists
  • Log in to your account
  • Your cookies
  • Search history
Southville International School and Colleges
  • Advanced search
  • Recent comments
  • Most popular
  • Libraries

Log in to your account

Log in with GOOGLE


If you do not have an external account, but do have a local account, you can still log in:

  1. Home
  2. MARC view: Evangelii gaudium :
Normal view MARC view ISBD view

Evangelii gaudium : (Record no. 305416)

[ view plain ]
MARC details
000 -LEADER
fixed length control field 01031nam a2200313Ia 4500
008 - FIXED-LENGTH DATA ELEMENTS--GENERAL INFORMATION
fixed length control field 170203s9999 xx 000 0 und d
020 ## - INTERNATIONAL STANDARD BOOK NUMBER
International Standard Book Number 9789715907705
050 ## - LIBRARY OF CONGRESS CALL NUMBER
Classification number 291.2
050 ## - LIBRARY OF CONGRESS CALL NUMBER
Item number .F818e 2013
100 ## - MAIN ENTRY--PERSONAL NAME
Personal name Catholic Church. Pope (2013- : Francis)
245 ## - TITLE STATEMENT
Title Evangelii gaudium :
245 ## - TITLE STATEMENT
Remainder of title Apostolic Exhoration of the Holy Father Francis to the bishops, Clergy, Consecrated Persons and the Lay Faithful on the Proclamation of the Gospel in Today's World /
245 ## - TITLE STATEMENT
Statement of responsibility, etc Francis, Pope, 1936-
260 ## - PUBLICATION, DISTRIBUTION, ETC. (IMPRINT)
Place of publication, distribution, etc Pasay City :
260 ## - PUBLICATION, DISTRIBUTION, ETC. (IMPRINT)
Name of publisher, distributor, etc Paulines Publishing House
260 ## - PUBLICATION, DISTRIBUTION, ETC. (IMPRINT)
Date of publication, distribution, etc 2014
300 ## - PHYSICAL DESCRIPTION
Extent 192 pages ;
300 ## - PHYSICAL DESCRIPTION
Dimensions 20 cm.
650 ## - SUBJECT ADDED ENTRY--TOPICAL TERM
Topical term or geographic name as entry element Catholic Church
650 ## - SUBJECT ADDED ENTRY--TOPICAL TERM
Topical term or geographic name as entry element Church and social problems
650 ## - SUBJECT ADDED ENTRY--TOPICAL TERM
Topical term or geographic name as entry element Income distribution -- Religious aspects
650 ## - SUBJECT ADDED ENTRY--TOPICAL TERM
Topical term or geographic name as entry element Poverty -- Religious aspects
650 ## - SUBJECT ADDED ENTRY--TOPICAL TERM
Topical term or geographic name as entry element Economics -- Religious aspects
650 ## - SUBJECT ADDED ENTRY--TOPICAL TERM
General subdivision Catholic Church.
650 ## - SUBJECT ADDED ENTRY--TOPICAL TERM
General subdivision Catholic Church.
650 ## - SUBJECT ADDED ENTRY--TOPICAL TERM
General subdivision Catholic Church.
650 ## - SUBJECT ADDED ENTRY--TOPICAL TERM
General subdivision Catholic Church.
650 ## - SUBJECT ADDED ENTRY--TOPICAL TERM
General subdivision Doctrines.
Holdings
Withdrawn status Lost status Damaged status Home library Current library Shelving location Date acquired Total Checkouts Full call number Barcode Date last seen Price effective from Koha item type
      Stonyhurst Southville International School (Batangas) Stonyhurst Southville International School (Batangas)   02/03/2017   291.2 .F818e 2013 US-2063 02/03/2017 02/03/2017 Books

Evangelii gaudium :

APA

Catholic Church. Pope (2013- : Francis), .Evangelii gaudium. Pasay City: .

Chicago

Catholic Church. Pope (2013- : Francis), .Evangelii gaudium. Pasay City: .

Harvard

Catholic Church. Pope (2013- : Francis), .Evangelii gaudium. Pasay City: .

MLA

Catholic Church. Pope (2013- : Francis), .Pasay City: . .

  • Place hold
  • Print
  • Cite
  • Add to your cart (remove)
  • Save record
    BIBTEX Dublin Core MARCXML MARC (non-Unicode/MARC-8) MARC (Unicode/UTF-8) MARC (Unicode/UTF-8, Standard) MODS (XML) RIS
  • More searches
    Search for this title in:
    Other Libraries (WorldCat) Other Databases (Google Scholar) Online Stores (Bookfinder.com) Open Library (openlibrary.org)

Exporting to Dublin Core...

SOUTHVILLE LIBRARY

Southville International School and Colleges Library

1281 Tropical Ave. Cor. Luxembourg St., BF Homes International, Las Pinas City

Tel. No. 8256374 / 252358 Loc. 117/146

Powered by Koha